000 00560cam a2200205 4500
008 090401t1985 xxu||||| |||| 00| 0 eng d
020 _a0080392334
035 _a(Sirsi) u51881
041 _aeng
050 _a692.8
100 _aMeopham, Brian
245 _aGC/Works/1 conditions of contract: a commercial manual
260 _aLondon
_bWaterlow Publishers
_c1985
300 _a202p. ; 23cm.
350 _a20
490 _aWaterlow Practitioner`s Library
650 _aBUILT ENVIRONMENT-BUILDING CONTRACT FORMS
942 _n0
948 _c04/03/1997
999 _c92969
_d92969